La función pastoral de los obispos (Record no. 65937)

MARC details
000 -LEADER
campo de control de longitud fija 00554nam a2200169 i 4500
001 - NÚMERO DE CONTROL
campo de control 65937
003 - IDENTIFICADOR DE NÚMERO DE CONTROL
campo de control ES-MaACL
005 - FECHA Y HORA DE LA ÚLTIMA TRANSACCIÓN
campo de control 20230906165516.0
007 - CAMPO FIJO DE DESCRIPCIÓN FÍSICA--INFORMACIÓN GENERAL
campo de control de longitud fija t|
008 - DATOS DE LONGITUD FIJA--INFORMACIÓN GENERAL
campo de control de longitud fija 040123s1967 sp ||||1| spa d
245 03 - MENCIÓN DEL TÍTULO
Título La función pastoral de los obispos
Resto del título : trabajos de la XI semana de Derecho Canónico.
260 ## - PUBLICACIÓN, DISTRIBUCIÓN, ETC.
Lugar de publicación, distribución, etc. Barcelona :
Nombre del editor, distribuidor, etc. Juan Flors,
Fecha de publicación, distribución, etc. 1967.
300 ## - DESCRIPCIÓN FÍSICA
Extensión 371 p. ;
Dimensiones 24 cm.
500 ## - NOTA GENERAL
Nota general Precede al tit.: Instituto San Raimundo de Peñafort.
710 2# - ENTRADA AGREGADA--NOMBRE DE ENTIDAD CORPORATIVA
Nombre de entidad corporativa o nombre de jurisdicción como elemento de entrada Instituto de San Raimundo de Peñafort.
9 (RLIN) 5005
852 ## - LOCALIZACIÓN
Ubicación ES-MaACL
Número de control de estantería C-33133
Sublocalización o colección R.64031
Holdings
Estatus retirado Estado de pérdida Estado de daño No para préstamo Biblioteca de origen Biblioteca actual Ubicación en estantería Fecha de adquisición Fuente de adquisición Total de préstamos Signatura topográfica completa Código de barras Visto por última vez Precio de reemplazo Tipo de ítem Koha
        Biblioteca del Ateneo de Madrid Biblioteca del Ateneo de Madrid Depósito 2 17/01/2008     C-33133 1069076 23/02/2023 23/02/2023 Libro impreso